000 00915cam a22003257a 4500
003 CHAP
005 20220817041142.0
008 971013s1992 r 00010 d
010 _a7512
011 _a8484
035 _a7713
040 _cCHAP
082 _a634.9
_bF33Y
110 1 _aFAO
245 1 3 _aLa enseñanza técnica forestal; principios y ejecución
260 _aRoma :
_bFAO,
_c1992
300 _a201 p.
490 0 _aFAO. Montes
_v; 47
590 _aBATCH-UPD
_b10
_c20130110
_lUCH01
_h0847
590 _aBATCH-UPD
_b10
_c20130410
_lUCH01
_h0520
590 _aBATCH-UPD
_b10
_c20130914
_lUCH01
_h1311
590 _aCONVERSION
_b10
_c20130109
_lUCH01
_h1305
650 1 4 _aEnseñanza forestal.
_937093
700 0 _aHilmi, H. A.
700 0 _aSim, D.
_9106141
830 0 _aFAO. Montes
_v; 47
_939632
901 _aBK
942 _cLIBRO
949 _a634.9 F33Y
_bBC
_cFAO
_d-17543
_eFAO1
_h82944
_i7713
_si
999 _c7512
_d7512